Cơ sở vật lí T.6 Quang học và vật lí lượng tử
Cung cấp những kiến thức cơ bản nhất về quang hình học, giao thoa, nhiễu xạ, thuyết tương đối, vật lí lượng tử, nguyên tử, hạt nhân, năng lượng hạt nhân..., kèm theo các bài toán mẫu cuối mỗi phần
Đã lưu trong:
| Tác giả chính: | |
|---|---|
| Tác giả khác: | , , , , |
| Định dạng: | Sách |
| Ngôn ngữ: | Vietnamese English |
| Được phát hành: |
H.
Giáo dục
2008
|
| Phiên bản: | Tái bản lần thứ 4 |
| Những chủ đề: | |
| Các nhãn: |
Thêm thẻ
Không có thẻ, Là người đầu tiên thẻ bản ghi này!
|
| Thư viện lưu trữ: | Mạng thư viện Đại học Đà Nẵng |
|---|
| LEADER | 01840aam a22004338a 4500 | ||
|---|---|---|---|
| 001 | 000008243 | ||
| 003 | 4428 | ||
| 005 | 20120312070311.0 | ||
| 008 | 111014s2008 viesd | ||
| 020 | |c 69000đ |d 1000b | ||
| 041 | 0 | |a vie |h eng | |
| 082 | 1 | 4 | |2 14 |a 530.1 |b HA-D |
| 100 | 1 | |a Halliday, David | |
| 245 | 1 | 0 | |a Cơ sở vật lí |c David Halliday, Robert Resnick, Jearl Walker ; Hoàng Hữu Thư ch.b. ; Dịch: Phan Văn Thích... |n T.6 |p Quang học và vật lí lượng tử |
| 250 | |a Tái bản lần thứ 4 | ||
| 260 | |a H. |b Giáo dục |c 2008 | ||
| 300 | |a 504tr. |b minh hoạ |c 27cm | ||
| 504 | |a Phụ lục: tr. 479-496 | ||
| 520 | |a Cung cấp những kiến thức cơ bản nhất về quang hình học, giao thoa, nhiễu xạ, thuyết tương đối, vật lí lượng tử, nguyên tử, hạt nhân, năng lượng hạt nhân..., kèm theo các bài toán mẫu cuối mỗi phần | ||
| 650 | 7 | |2 Bộ TK TVQG |a Vật lí | |
| 650 | 7 | |2 Bộ TK TVQG |a Quang học | |
| 650 | 7 | |2 Bộ TK TVQG |a Vật lí lượng tử | |
| 700 | 1 | |a Resnick, Robert | |
| 700 | 1 | |a Walker, Jearl | |
| 700 | 1 | |a Hoàng Hữu Thư |e ch.b. | |
| 700 | 1 | |a Phan Văn Thích |e dịch | |
| 700 | 1 | |a Phạm Văn Thiều |e dịch | |
| 773 | |a Halliday, David |b Tái bản lần thứ 6 |d H. |d 2010 |d Giáo dục |t Cơ sở vật lí |w 444202 | ||
| 773 | |t Cơ sở vật lí |w 4420 | ||
| OWN | |a LSP | ||
| AVA | |a UDN50 |b LSP |d 530.1 HA-D |e available |t Error 5001 Not defined in file expand_doc_bib_avail. |f 10 |g 0 |h N |i 0 |k 1 | ||
| 999 | |a From the UDN01 | ||
| AVA | |a UDN50 |b LSP |d 530.1 HA-D |e available |t Error 5001 Not defined in file expand_doc_bib_avail. |f 10 |g 0 |h N |i 0 |k 1 | ||
| TYP | |a Monograph | ||
| TYP | |a Printed language | ||
| 980 | |a Mạng thư viện Đại học Đà Nẵng | ||